Estadísticas para Anagramas - Países Europeos

Haz click aquí para tomar la prueba!

Estadísticas generales

  • Esta prueba ha sido tomada 3.753 veces
  • La puntuación promedio es 14 de 20

Estadísticas de respuestas

País% Correcto
España
94%
Kosovo
94%
Suiza
93%
Italia
91%
Luxemburgo
90%
Malta
88%
Eslovaquia
87%
Finlandia
85%
Rusia
83%
Hungría
82%
Grecia
81%
Bélgica
80%
Polonia
79%
Liechtenstein
77%
Mónaco
77%
Croacia
75%
Moldavia
74%
Montenegro
74%
Serbia
72%
Albania
71%
Francia
71%
Portugal
68%
Suecia
68%
Islandia
66%
Lituania
66%
Bielorrusia
65%
Eslovenia
64%
Alemania
60%
Bulgaria
60%
Andorra
59%
Rumania
57%
Irlanda
56%
Letonia
55%
Dinamarca
52%
Noruega
52%
Estonia
51%
Ucrania
49%
Vaticano
48%
Austria
43%

Distribución de puntuación

Porcentaje por número respondido

Porcentaje de gente con cada puntuación

Historial de tus puntuaciones

No has tomado esta prueba